000 00538nam a22001697a 4500
005 20240123064422.0
008 240123b |||||||| |||| 00| 0 eng d
020 _a0409004057
041 _aEnglish
082 _a349 JOU
100 _lEnglish
245 _aThe Law of South Africa : Cumulative Supplement 1982 /
_cedited by JA Faris
260 _aDurban :
_bButterworth and Company (Pty) Ltd,
_c1982
300 _bxiii, 416 pages ;
_c26,5 cm.
650 _aLegal practice
_bLaw
942 _cBK
_6ALISON_BN_VRIES
999 _c1274
_d1274